Agricultural economics and co-operation (Record no. 1609)

MARC details
000 -LEADER
fixed length control field 00658cam a2200229ua 4500
008 - FIXED-LENGTH DATA ELEMENTS--GENERAL INFORMATION
fixed length control field 110716n ii |||gr||||Z||||||eng
040 ## - CATALOGING SOURCE
Transcribing agency MAIN
082 ## - DEWEY DECIMAL CLASSIFICATION NUMBER
Classification number 338.1
100 ## - MAIN ENTRY--PERSONAL NAME
Personal name Srivastava, S. K.,
Relator term
245 1# - TITLE STATEMENT
Title Agricultural economics and co-operation
Statement of responsibility, etc. by S. K. Srivastava
250 ## - EDITION STATEMENT
Edition statement 1st.
260 ## - PUBLICATION, DISTRIBUTION, ETC.
Place of publication, distribution, etc. New Delhi:
Name of publisher, distributor, etc. C. Chand & co. Ltd,970.
300 ## - PHYSICAL DESCRIPTION
Extent xvii; 763p:
Dimensions 23cm.
700 ## - ADDED ENTRY--PERSONAL NAME
Personal name Jha, Divakar,
Relator term
700 ## - ADDED ENTRY--PERSONAL NAME
Personal name Agarwal, S. K.,
Relator term
700 ## - ADDED ENTRY--PERSONAL NAME
Personal name Prakash, Jagdish,
Relator term
700 ## - ADDED ENTRY--PERSONAL NAME
Personal name Kapuria, R. S.,
Relator term
942 ## - ADDED ENTRY ELEMENTS (KOHA)
Koha item type Books
653 ## - INDEX TERM--UNCONTROLLED
Uncontrolled term Economics
653 ## - INDEX TERM--UNCONTROLLED
Uncontrolled term Agricultural economics and co-operation
Holdings
Withdrawn status Lost status Damaged status Not for loan Home library Current library Date acquired Total Checkouts Full call number Barcode Date last seen Copy number Price effective from Koha item type
        Naharkatiya College Library Naharkatiya College Library 19/09/2020   338.1 | BHA 1825 19/09/2020 1 19/09/2020 Books

Naharkatiya College © 2020. All rights reserved.

Powered By